| 000 | 00628nam a22002057a 4500 | ||
|---|---|---|---|
| 999 |
_c10353 _d10353 |
||
| 003 | AR-CdUCM | ||
| 008 | 190401b ||||| |||| 00| 0 spa d | ||
| 040 |
_aMUNICIPALIDAD PROVINCIAL DEL CUSCO _cBIBLIOTECA MUNICIPAL DEL CUSCO |
||
| 082 |
_aES / 800 / _bH71 |
||
| 100 |
_aHomero _912528 |
||
| 245 | _aLa Odisea / | ||
| 260 |
_aMadrid : _bAguilar ; _c1961. |
||
| 300 |
_a101 páginas ; _bIlustraciones _c23cm |
||
| 440 |
_aColección El Globo de Colores _nIniciación Literaria _927140 |
||
| 505 | _aContenido: Novela | ||
| 650 |
_aNovela _95 |
||
| 650 |
_aLiteratura infantil _9588 |
||
| 942 |
_2ddc _cLIBROS |
||
| 945 | _anom | ||